Biggest Cities in the Bay of Plenty - Statistics

General Stats
  • This quiz has been taken 16 times
  • The average score is 8 of 21
Answer Stats
Population Settlement % Correct
135,000 Tauranga
100%
54,500 Rotorua
86%
15,850 Whakatāne
86%
4,750 Katikati
79%
8,230 Te Puke
79%
2,820 Omokoroa
64%
7,080 Kawerau
57%
4,530 Ōpōtiki
57%
3,180 Ōhope
36%
1,780 Edgecumbe
21%
2,100 Waihi Beach
21%
740 Athenree
14%
1,190 Maketu
14%
4,850 Ngongotahā
14%
910 Tāneatua
14%
1,070 Hamurana
7%
790 Mamaku
7%
700 Matatā
7%
800 Paengaroa
7%
1,790 Murupara
0%
760 Tikitere
0%
No matching quizzes found
Score Distribution
Percent of People with Each Score
Percentile by Number Answered
Your Score History
You have not taken this quiz